000 00675nam a2200217 a 4500
005 20240924070238.0
008 030519m19861999mx r 000 0 spa d
020 _a968436511X
035 _aUPN01000124312
049 _aCG
050 4 _aLC291
_bM6.3
100 1 _aMora Ledesma, José Guadalupe de la
_929375
245 1 0 _aFormación de la juventud en los valores :
_bdeontología general /
_cJosé G. de la Mora Ledesma.
260 _aMéxico :
_bProgreso,
_c1986 (1999 impr.).
300 _a101 p.
650 4 _aEducación moral
_91396
650 4 _aAUTORREALIZACION (PSICOLOGIA)
_94106
650 2 _aValores morales
_95323
650 4 _aÉtica
_912720
905 _aLibro
999 _c96491
_d96491